Things to make and do with your children : (Record no. 324)
[ view plain ]
| 000 -LEADER | |
|---|---|
| fixed length control field | 00642nam a2200193 a 4500 |
| 001 - CONTROL NUMBER | |
| control field | ASIN1409144216 |
| 003 - CONTROL NUMBER IDENTIFIER | |
| control field | csc |
| 005 - DATE AND TIME OF LATEST TRANSACTION | |
| control field | 20200421093826.0 |
| 008 - FIXED-LENGTH DATA ELEMENTS--GENERAL INFORMATION | |
| fixed length control field | 130823s2013 xxu eng d |
| 020 ## - INTERNATIONAL STANDARD BOOK NUMBER | |
| International Standard Book Number | 1409144216 (paperback) |
| Terms of availability | £14.99 |
| 020 ## - INTERNATIONAL STANDARD BOOK NUMBER | |
| International Standard Book Number | 9781409144212 (paperback) |
| 040 ## - CATALOGING SOURCE | |
| Transcribing agency | ams |
| 100 1# - MAIN ENTRY--PERSONAL NAME | |
| Personal name | Klass, Myleene. |
| 9 (RLIN) | 60 |
| 245 10 - TITLE STATEMENT | |
| Title | Things to make and do with your children : |
| Remainder of title | 150 activities that you and your child will love / |
| Statement of responsibility, etc. | Myleene Klass. |
| 260 ## - PUBLICATION, DISTRIBUTION, ETC. | |
| Place of publication, distribution, etc. | [S.l.] : |
| Name of publisher, distributor, etc. | Orion, |
| Date of publication, distribution, etc. | 2013. |
| 300 ## - PHYSICAL DESCRIPTION | |
| Extent | 240 p. ; |
| Dimensions | 23 cm. |
| 856 40 - ELECTRONIC LOCATION AND ACCESS | |
| Materials specified | Amazon.com |
| Uniform Resource Identifier | <a href="http://www.amazon.co.uk/exec/obidos/ASIN/1409144216/chopaconline-20">http://www.amazon.co.uk/exec/obidos/ASIN/1409144216/chopaconline-20</a> |
| 942 ## - ADDED ENTRY ELEMENTS (KOHA) | |
| Source of classification or shelving scheme | Dewey Decimal Classification |
| Koha item type | Books |
| Withdrawn status | Lost status | Damaged status | Not for loan | Collection | Home library | Current library | Shelving location | Date acquired | Barcode | Date last seen | Price effective from | Koha item type |
|---|---|---|---|---|---|---|---|---|---|---|---|---|
| Reference | Centerville | Centerville | General stacks | 09/04/2014 | 39999000014150 | 09/04/2014 | 09/04/2014 | Books | ||||
| Reference | Centerville | Centerville | General stacks | 09/04/2014 | 39999000014174 | 09/04/2014 | 09/04/2014 | Books | ||||
| Reference | Fairview | Fairview | General stacks | 09/04/2014 | 39999000014198 | 09/04/2014 | 09/04/2014 | Books |